| 000 | 00448pam a2200169 a 4500 | ||
|---|---|---|---|
| 020 | _a0070116199 (alk. paper) | ||
| 040 | _cDLC | ||
| 082 | 0 | 0 | _a808 HIL 1997 A096 Or. |
| 100 | 1 | _aClouse, Barbara Fine | |
| 245 | 1 | 0 |
_aWorking it out : _ba troubleshooting guide for writers / |
| 250 | _a2nd ed | ||
| 260 |
_aNew York : _bMcGraw-Hill, _cc1997 |
||
| 300 |
_axxii, 162 p. ; _c23 cm |
||
| 500 | _aIncludes index | ||
| 650 | 0 | _aAuthorship | |
| 942 | _cEK | ||
| 999 |
_c14328 _d14328 |
||